Mýty a skutočnosť (Teória verejnej voľby z pohľadu slovenských reálií)

Rozpracovanie teórie verejnej voľby J. Buchananom. Charakteristika teórie verejnej voľby. Vzájomná interakcia voličov, politických strán a inštitúcií verejného sektora. Téza o racionálnej neúčasti voličov na voľbách. Selektívne motívy voličov. Neinformovanosť racionálneho voliča. Volebná účasť vo vy...

Descrizione completa

Salvato in:
Dettagli Bibliografici
Autore principale: Rozborilová, Dária
Altri autori: Čaplánová, Anetta, 1967-
Natura: Capitolo di libro
Lingua:slovacco
Soggetti:
Tags: Aggiungi Tag
Nessun Tag, puoi essere il primo ad aggiungerne!!

MARC

LEADER 00000nla$a2200000$$$4500
001 0048513
005 20240502071546.7
041 0 |a slo 
044 |a SK 
245 1 0 |a Mýty a skutočnosť (Teória verejnej voľby z pohľadu slovenských reálií)  |c Dária Rozborilová, Anetta Čaplánová 
520 |a Rozpracovanie teórie verejnej voľby J. Buchananom. Charakteristika teórie verejnej voľby. Vzájomná interakcia voličov, politických strán a inštitúcií verejného sektora. Téza o racionálnej neúčasti voličov na voľbách. Selektívne motívy voličov. Neinformovanosť racionálneho voliča. Volebná účasť vo vybraných voľbách v SR. Billboardy ako zdroj ľahko dostupných informácií. 
610 2 0 |a voľba verejná 
610 2 0 |a voľby 
610 2 0 |a teória voľby verejnej 
610 2 0 |a inštitúcie verejnoprávne 
610 2 0 |a politika 
610 2 0 |a strany politické 
610 2 0 |a informácie 
100 1 |a Rozborilová, Dária 
700 1 |a Čaplánová, Anetta, 1967-